The Godfather Cast - Statistics

General Stats
  • This quiz has been taken 320 times
  • The average score is 6 of 15
Answer Stats
Hint Answer % Correct
Michael Corleone Al Pacino
97%
Don Vito Corleone Marlon Brando
96%
Sonny Corleone James Caan
71%
Tom Hagen Robert Duvall
71%
Kay Adams Diane Keaton
68%
Connie Talia Shire
51%
Fredo John Cazale
36%
Tessio Abe Vigoda
26%
Clemenza Richard Castellano
14%
Captain McCluskey Sterling Hayden
14%
Sollozzo Al Lettieri
10%
Carlo Gianni Russo
9%
Barzini Richard Conte
9%
Jack Woltz John Marley
7%
Cuneo Rudy Bond
5%
No matching quizzes found
Score Distribution
Percent of People with Each Score
Percentile by Number Answered
Your Score History
You have not taken this quiz